[Event "Araraquara op"]
[Site "Araraquara"]
[Date "2023.02.21"]
[Round "6.21"]
[White "Da Cunha, Gabriela Goes"]
[Black "Ramillo, Vitoria Matheus"]
[Result "1-0"]
[WhiteElo "1713"]
[BlackElo "1859"]
[PlyCount "63"]
[EventDate "2023.02.19"]
[EventType "swiss"]
[EventRounds "6"]
[EventCountry "BRA"]
[SourceTitle "CBM 213 Extra"]
[Source "ChessBase"]
[SourceDate "2023.05.31"]
[SourceVersion "1"]
[SourceVersionDate "2023.05.31"]
[SourceQuality "1"]

1. d4 Nf6 2. c4 e6 3. Nf3 d5 4. cxd5 exd5 5. Bg5 Be7 6. Bxf6 Bxf6 7. Nc3 0-0 8. e3 Bf5 9. Be2 c6 10. 0-0 Nd7 11. b4 Be7 12. Qb3 Nf6 13. b5 cxb5 14. Nxb5 a6 15. Nc3 b5 16. Ne5 Qd6 17. Rfc1 Rac8 18. Bf3 Be6 19. Ne2 Qa3 20. Nc6 Qd6 21. Nxe7+ Qxe7 22. Nf4 Qd7 23. Nd3 Ne4 24. Ne5 Qd6 25. Qb2 b4 26. Nd3 a5 27. Bxe4 dxe4 28. Nc5 Bd5 29. Qe2 f5 30. Qb5 Qd8 31. Nd7 Rxc1+ 32. Rxc1 1-0

[Event "Registro op 10th"]
[Site "Registro"]
[Date "2019.08.04"]
[Round "6"]
[White "Osipi, Jair"]
[Black "Ramillo, Vitoria Matheus"]
[Result "1-0"]
[WhiteElo "2137"]
[BlackElo "1854"]
[PlyCount "169"]
[EventDate "2019.08.01"]
[EventType "swiss"]
[EventRounds "7"]
[EventCountry "BRA"]
[SourceTitle "EXT 2020"]
[Source "ChessBase"]
[SourceDate "2019.10.17"]
[SourceVersion "1"]
[SourceVersionDate "2019.10.17"]
[SourceQuality "1"]

1. d4 d5 2. c4 c6 3. Nf3 e6 4. e3 f5 5. Bd3 Nf6 6. 0-0 Bd6 7. b3 Nbd7 8. cxd5 cxd5 9. Ba3 Bxa3 10. Nxa3 0-0 11. Qc1 a6 12. Qb2 Nb8 13. Ne5 Nfd7 14. Nf3 Nf6 15. Nc2 Rf7 16. Ne5 Rc7 17. Ne1 Nfd7 18. f4 Nc6 19. Nxc6 Rxc6 20. Rc1 Rxc1 21. Qxc1 Nf6 22. Rf2 Bd7 23. Rc2 Rc8 24. h3 Rxc2 25. Qxc2 Qa5 26. Nf3 Ne4 27. Kh2 h6 28. Bxe4 fxe4 29. Ne5 Qd8 30. g4 Be8 31. Qf2 Qf6 32. Kg3 Kh7 33. h4 g6 34. g5 Qd8 35. gxh6 Kxh6 36. Qd2 Qc7 37. Qb4 Kg7 38. Qc5 Qd8 39. Qa7 Qc7 40. Qc5 Qd8 41. Qc3 Kf6 42. a4 Kg7 43. a5 Kf6 44. Qc5 Kg7 45. Ng4 Qd7 46. Nf2 Kf7 47. Nh3 Kg7 48. Ng5 Bf7 49. Nh3 Be8 50. Nf2 Qd8 51. Ng4 Kf7 52. Ne5+ Kg7 53. b4 Kg8 54. Kg4 Kg7 55. Kg3 Kg8 56. Ng4 Kg7 57. Nf2 Qd7 58. Qb6 Qc8 59. Qc5 Qd8 60. Nd1 Qd7 61. Nc3 Kf7 62. Kh2 Qe7 63. Kh3 Qxc5 64. bxc5 Kf6 65. Kg4 Bd7 66. Kg3 Kg7 67. Nd1 Kf6 68. Nf2 Kf5 69. Ng4 Bb5 70. Kh3 Bf1+ 71. Kg3 Bb5 72. Ne5 Be8 73. Kh3 Bb5 74. Nf7 Bd7 75. Nd6+ Kf6 76. Nxb7 e5+ 77. Kg3 exd4 78. exd4 Ke7 79. Nd6 Be6 80. Kf2 Kd7 81. Ke3 Kc6 82. f5 gxf5 83. h5 Bg8 84. Nxf5 Kb5 85. Ne7 1-0

[Event "Registro op 10th"]
[Site "Registro"]
[Date "2019.08.04"]
[Round "7"]
[White "Ramillo, Vitoria Matheus"]
[Black "Ferreira, Raphael Suzuki"]
[Result "0-1"]
[WhiteElo "1854"]
[BlackElo "1638"]
[PlyCount "108"]
[EventDate "2019.08.01"]
[EventType "swiss"]
[EventRounds "7"]
[EventCountry "BRA"]
[SourceTitle "EXT 2020"]
[Source "ChessBase"]
[SourceDate "2019.10.17"]
[SourceVersion "1"]
[SourceVersionDate "2019.10.17"]
[SourceQuality "1"]

1. e4 c5 2. Nf3 g6 3. d4 cxd4 4. Qxd4 Nf6 5. e5 Nc6 6. Qf4 Nd5 7. Qe4 Nb6 8. h4 h6 9. Bd3 d5 10. exd6 Qxd6 11. Qe2 Bg7 12. a3 Nd5 13. g3 Bg4 14. Nbd2 0-0 15. Qe4 Nf6 16. Qa4 Qe6+ 17. Kf1 Rfd8 18. Kg2 h5 19. Re1 Qd5 20. Bc4 Qc5 21. Qb5 Qxb5 22. Bxb5 e6 23. Bxc6 bxc6 24. Ne5 Rac8 25. Nxg4 Nxg4 26. c3 Rb8 27. Ne4 Ne5 28. Bg5 Rd3 29. Nf6+ Bxf6 30. Bxf6 Ng4 31. Bd4 Rxb2 32. Rad1 Rxd1 33. Rxd1 e5 34. Bxa7 Rb3 35. Rd8+ Kg7 36. f3 Rxa3 37. Bb8 Ne3+ 38. Kf2 Nc4 39. Rd3 Ra2+ 40. Kf1 Kf6 41. Bc7 Rd2 42. Rxd2 Nxd2+ 43. Ke2 Nb1 44. Kd3 Ke6 45. g4 Na3 46. g5 Kd5 47. Bd8 Nc4 48. Bc7 Nd6 49. Bxd6 Kxd6 50. Ke4 Ke6 51. c4 c5 52. f4 exf4 53. Kxf4 f6 54. gxf6 Kxf6 0-1

[Event "Pocos de Caldas op"]
[Site "Pocos de Caldas"]
[Date "2019.02.09"]
[Round "4"]
[White "Ramillo, Vitoria Matheus"]
[Black "Resende, Carlos Alberto Fig"]
[Result "1/2-1/2"]
[WhiteElo "1836"]
[BlackElo "1996"]
[PlyCount "121"]
[EventDate "2019.02.08"]
[EventType "swiss"]
[EventRounds "6"]
[EventCountry "BRA"]
[SourceTitle "CBM 189 Extra"]
[Source "ChessBase"]
[SourceDate "2019.06.03"]
[SourceVersion "1"]
[SourceVersionDate "2019.06.03"]
[SourceQuality "1"]

1. e4 e5 2. Nf3 Nc6 3. d4 exd4 4. Bc4 Be7 5. Nxd4 d6 6. Nc3 Nf6 7. 0-0 0-0 8. Be2 Nxd4 9. Qxd4 Be6 10. f4 b6 11. Qd1 Bc8 12. Bd3 Bb7 13. Qe1 Re8 14. Qg3 Bf8 15. Re1 Qc8 16. h3 a5 17. Bd2 Be7 18. Re2 Nh5 19. Qf3 Nf6 20. Rae1 Nd7 21. Nd5 Nc5 22. Bc3 Nxd3 23. Qxd3 Qd8 24. Qg3 g6 25. f5 Bh4 26. Qe3 Bxd5 27. Qh6 Bf6 28. exd5 Rxe2 29. Rxe2 Bxc3 30. bxc3 Qf8 31. Qg5 Re8 32. Rxe8 Qxe8 33. fxg6 hxg6 34. Kf2 Kg7 35. Kf3 b5 36. Qd2 Qe5 37. Qd3 b4 38. cxb4 axb4 39. Qc4 g5 40. g3 Kf6 41. Qxb4 Qxd5+ 42. Qe4 Qxa2 43. Qd4+ Kg6 44. Qe4+ Kh6 45. Qc6 Qa5 46. Kg4 Kg6 47. Kf3 Qb6 48. Qe4+ Kg7 49. Qf5 Qc6+ 50. Kg4 f6 51. h4 Qc4+ 52. Kh5 Qf7+ 53. Kg4 gxh4 54. gxh4 Qg6+ 55. Qxg6+ Kxg6 56. h5+ Kh6 57. Kf5 Kxh5 58. Kxf6 Kg4 59. Ke6 Kf4 60. Kd5 Kf5 61. c4 1/2-1/2

[Event "BRA-ch sf (Women)"]
[Site "Sao Paulo"]
[Date "2018.12.09"]
[Round "6"]
[White "Ramillo, Vitoria Matheus"]
[Black "Ichimura G Barbosa, Larissa Yuki"]
[Result "1/2-1/2"]
[WhiteElo "1842"]
[BlackElo "1982"]
[PlyCount "129"]
[EventDate "2018.12.07"]
[EventType "swiss"]
[EventRounds "6"]
[EventCountry "BRA"]
[SourceTitle "EXT 2022"]
[Source "ChessBase"]
[SourceDate "2021.10.06"]
[SourceVersion "1"]
[SourceVersionDate "2021.10.06"]
[SourceQuality "1"]

1. e4 e6 2. d4 d5 3. Nc3 Nf6 4. Bd3 Be7 5. e5 Nfd7 6. Qg4 Kf8 7. Nf3 c5 8. dxc5 Nc6 9. Qg3 Nxc5 10. 0-0 h6 11. a3 a6 12. b4 Nd7 13. Ne2 g5 14. Ned4 Nxd4 15. Nxd4 Nxe5 16. Qxe5 Bf6 17. Qe3 e5 18. Bb2 exd4 19. Bxd4 Kg7 20. f4 g4 21. f5 Kh7 22. Rae1 b5 23. Bxf6 Qxf6 24. Qc5 Kg7 25. Qxd5 Rb8 26. Rf4 h5 27. Qe5 Bb7 28. Qxf6+ Kxf6 29. Rd4 Rhd8 30. Rxd8 Rxd8 31. Re3 Bc8 32. c4 bxc4 33. Bxc4 Rd6 34. h3 Bxf5 35. hxg4 hxg4 36. Kf2 Rc6 37. Be2 Kg5 38. Kg3 Be6 39. Re5+ f5 40. Bxg4 Rc3+ 41. Bf3 Bd7 42. Rd5 Bb5 43. Rd8 f4+ 44. Kh3 Rxa3 45. Rg8+ Kf5 46. Rf8+ Ke5 47. Kg4 Bd7+ 48. Kg5 Ra4 49. Rxf4 a5 50. Re4+ Kd6 51. bxa5 Rxa5+ 52. Kf4 Rf5+ 53. Ke3 Rg5 54. Kf2 Be6 55. Rd4+ Ke7 56. g4 Kf6 57. Kg3 Re5 58. Kh4 Re1 59. Rf4+ Kg7 60. Kg5 Re5+ 61. Kh4 Re1 62. Rb4 Re3 63. Rb7+ Kf6 64. Bd1 Rd3 65. Be2 1/2-1/2

[Event "BRA-ch Universities (Women)"]
[Site "Vitoria"]
[Date "2018.06.08"]
[Round "5"]
[White "Campagnolo, Fabiola"]
[Black "Ramillo, Vitoria Matheus"]
[Result "1-0"]
[WhiteElo "1813"]
[BlackElo "1851"]
[PlyCount "79"]
[EventDate "2018.06.06"]
[EventType "swiss"]
[EventRounds "7"]
[EventCountry "BRA"]
[SourceTitle "EXT 2019"]
[Source "ChessBase"]
[SourceDate "2018.10.10"]
[SourceVersion "1"]
[SourceVersionDate "2018.10.10"]
[SourceQuality "1"]

1. e4 e5 2. Nf3 Nc6 3. d4 exd4 4. Nxd4 Nf6 5. f3 Bc5 6. Be3 Bb6 7. Nc3 0-0 8. Bc4 Ne5 9. Bb3 d6 10. a4 Ba5 11. 0-0 Bxc3 12. bxc3 d5 13. Bg5 c5 14. Nb5 c4 15. Ba2 h6 16. Bh4 a6 17. Nd4 dxe4 18. fxe4 g5 19. Bg3 Neg4 20. Qf3 Nh5 21. Bxc4 Nxg3 22. Qxg3 Qe7 23. Bd3 Qe5 24. Qxe5 Nxe5 25. Nf5 Bxf5 26. Rxf5 f6 27. Rb1 Rad8 28. Rxb7 Nxd3 29. cxd3 Rxd3 30. Rb6 Rxc3 31. Rfxf6 Rxf6 32. Rxf6 Kg7 33. Rxa6 Rc4 34. Ra7+ Kf6 35. a5 Rxe4 36. a6 Ra4 37. Ra8 Kf5 38. h3 Kf4 39. Kh2 h5 40. a7 1-0

[Event "BRA-ch Universities (Women)"]
[Site "Vitoria"]
[Date "2018.06.08"]
[Round "4"]
[White "Ramillo, Vitoria Matheus"]
[Black "Assuncao, Darlane Brito"]
[Result "1-0"]
[WhiteElo "1851"]
[BlackElo "1796"]
[PlyCount "41"]
[EventDate "2018.06.06"]
[EventType "swiss"]
[EventRounds "7"]
[EventCountry "BRA"]
[SourceTitle "EXT 2019"]
[Source "ChessBase"]
[SourceDate "2018.10.10"]
[SourceVersion "1"]
[SourceVersionDate "2018.10.10"]
[SourceQuality "1"]

1. e4 c5 2. Nf3 d6 3. Bb5+ Bd7 4. Bxd7+ Nxd7 5. 0-0 Ngf6 6. Qe2 Qc7 7. c3 g6 8. d4 cxd4 9. cxd4 Bg7 10. e5 dxe5 11. dxe5 Ng4 12. e6 fxe6 13. Qxe6 Ndf6 14. h3 h5 15. Bg5 Rd8 16. Nc3 a6 17. Bh4 Rd3 18. Bg3 Qc5 19. hxg4 hxg4 20. Ne5 Rxg3 21. Ne4 1-0

[Event "BRA-ch Universities (Women)"]
[Site "Vitoria"]
[Date "2018.06.07"]
[Round "3"]
[White "Dull, Amanda Paul"]
[Black "Ramillo, Vitoria Matheus"]
[Result "1-0"]
[WhiteElo "1828"]
[BlackElo "1851"]
[PlyCount "83"]
[EventDate "2018.06.06"]
[EventType "swiss"]
[EventRounds "7"]
[EventCountry "BRA"]
[SourceTitle "EXT 2019"]
[Source "ChessBase"]
[SourceDate "2018.10.10"]
[SourceVersion "1"]
[SourceVersionDate "2018.10.10"]
[SourceQuality "1"]

1. d4 Nf6 2. Nf3 e6 3. Bf4 d5 4. e3 Be7 5. Bd3 Nbd7 6. Nbd2 c5 7. c3 b6 8. Ne5 Nxe5 9. dxe5 Nd7 10. h4 f5 11. h5 Qc7 12. Nf3 Bb7 13. Qe2 Rf8 14. Bc2 0-0-0 15. Ba4 Bc6 16. Bb5 Bxb5 17. Qxb5 Kb7 18. a4 a6 19. Qe2 Rf7 20. 0-0 Rg8 21. Rfc1 c4 22. Rcb1 Nc5 23. Nd4 g5 24. Bh2 f4 25. exf4 gxf4 26. Kf1 Rfg7 27. Bxf4 Qc8 28. b3 Qf8 29. Qe3 Rxg2 30. bxc4 Rg1+ 31. Ke2 Rxb1 32. Rxb1 Rg4 33. Nxe6 Qf5 34. Rb4 Ka7 35. cxd5 Qxh5 36. Kd2 Rg1 37. Qe2 Qxe2+ 38. Kxe2 Nxe6 39. dxe6 Bg5 40. Bxg5 Rxg5 41. f4 Rf5 42. Ke3 1-0

[Event "Sao Paulo op-B U2050 7th"]
[Site "Sao Paulo"]
[Date "2018.03.30"]
[Round "1"]
[White "Ramillo, Vitoria Matheus"]
[Black "Carvalho, Isis"]
[Result "1-0"]
[WhiteElo "1860"]
[BlackElo "1437"]
[PlyCount "75"]
[EventDate "2018.03.30"]
[EventType "swiss"]
[EventRounds "6"]
[EventCountry "BRA"]
[SourceTitle "EXT 2021"]
[Source "ChessBase"]
[SourceDate "2020.10.23"]
[SourceVersion "1"]
[SourceVersionDate "2020.10.23"]
[SourceQuality "1"]

1. e4 d6 2. d4 Nf6 3. Nc3 g6 4. Bc4 Bg7 5. f4 c6 6. e5 Nfd7 7. exd6 e5 8. dxe5 0-0 9. Nf3 Re8 10. 0-0 a5 11. Ng5 Rf8 12. a4 Nc5 13. Be3 Ne6 14. Nxe6 Bxe6 15. Bxe6 fxe6 16. Qg4 Qd7 17. Ne4 Na6 18. Bb6 Rf5 19. Bxa5 Raf8 20. Rad1 c5 21. b3 b6 22. Bc3 Qc6 23. Ng3 R5f7 24. Qxe6 Nc7 25. Qc4 b5 26. axb5 Qxb5 27. dxc7 Qxc4 28. bxc4 Rxc7 29. Ne4 Ra7 30. Nxc5 Rc8 31. Bd4 Ra2 32. Rf2 Rc6 33. c3 Ra3 34. Rb2 Ra8 35. Rdb1 Rcc8 36. Rb7 h6 37. e6 Bxd4+ 38. cxd4 1-0

[Event "Rio de Janeiro Duchamp op"]
[Site "Rio de Janeiro"]
[Date "2017.11.12"]
[Round "2"]
[White "Ramillo, Vitoria Matheus"]
[Black "Souza Neves, Andrey Marcelo"]
[Result "1-0"]
[WhiteElo "1831"]
[BlackElo "2210"]
[PlyCount "75"]
[EventDate "2017.11.11"]
[EventType "swiss"]
[EventRounds "9"]
[EventCountry "BRA"]
[SourceTitle "CBM 181 Extra"]
[Source "ChessBase"]
[SourceDate "2017.12.12"]
[SourceVersion "1"]
[SourceVersionDate "2017.12.12"]
[SourceQuality "1"]

1. e4 d5 2. exd5 Nf6 3. d4 Nxd5 4. c4 Nb6 5. Nf3 g6 6. h3 Bg7 7. Nc3 0-0 8. Be3 c5 9. Be2 Na6 10. 0-0 Bf5 11. Rc1 Qe8 12. dxc5 Bxc3 13. Rxc3 Na4 14. Ra3 N6xc5 15. Bh6 Rd8 16. Qa1 f6 17. Bxf8 Kxf8 18. b3 Nb6 19. Rxa7 Nc8 20. Ra3 Ne6 21. Rd1 Nf4 22. Bf1 Nd6 23. b4 e5 24. c5 Ne4 25. Rxd8 Qxd8 26. Re3 Qd7 27. Qe1 Qd5 28. Nh4 h5 29. Nxf5 gxf5 30. a3 h4 31. Be2 Ng5 32. Qf1 Kg7 33. Bc4 Qd4 34. Bb3 Nd5 35. Rd3 Nf4 36. Rxd4 exd4 37. Qc4 d3 38. Qxf4 1-0

[Event "BRA-ch U26 (Women)"]
[Site "Goiania"]
[Date "2017.10.20"]
[Round "3"]
[White "Ramillo, Vitoria Matheus"]
[Black "Bail, Ellen Larissa"]
[Result "0-1"]
[WhiteElo "1831"]
[BlackElo "1749"]
[PlyCount "38"]
[EventDate "2017.10.19"]
[EventType "swiss"]
[EventRounds "7"]
[EventCountry "BRA"]
[SourceTitle "CBM 181 Extra"]
[Source "ChessBase"]
[SourceDate "2017.12.12"]
[SourceVersion "1"]
[SourceVersionDate "2017.12.12"]
[SourceQuality "1"]

1. e4 c5 2. Nf3 d6 3. d4 cxd4 4. Nxd4 Nf6 5. Nc3 g6 6. Be3 Bg7 7. f3 Nc6 8. Qd2 Bd7 9. Bc4 Rc8 10. Bb3 Ne5 11. 0-0-0 0-0 12. Kb1 Nc4 13. Bxc4 Rxc4 14. g4 b5 15. Ndxb5 Qb8 16. Na3 Nxe4 17. Nxc4 Nxd2+ 18. Bxd2 Rc8 19. b3 Rxc4 0-1

[Event "BRA-ch U26 (Women)"]
[Site "Goiania"]
[Date "2017.10.19"]
[Round "1"]
[White "Ramillo, Vitoria Matheus"]
[Black "De Jesus, Suellem Oliveira Sa"]
[Result "1-0"]
[WhiteElo "1831"]
[BlackElo "1386"]
[PlyCount "23"]
[EventDate "2017.10.19"]
[EventType "swiss"]
[EventRounds "7"]
[EventCountry "BRA"]
[SourceTitle "CBM 181 Extra"]
[Source "ChessBase"]
[SourceDate "2017.12.12"]
[SourceVersion "1"]
[SourceVersionDate "2017.12.12"]
[SourceQuality "1"]

1. e4 d6 2. d4 Nf6 3. Nc3 g6 4. f4 Bg4 5. Nf3 Bxf3 6. Qxf3 e5 7. fxe5 dxe5 8. Bg5 Nbd7 9. dxe5 Nxe5 10. Qxf6 Ng4 11. Bb5+ c6 12. Bxc6+ 1-0

[Event "Sao Paulo op-B U2050 6th"]
[Site "Sao Paulo"]
[Date "2017.04.16"]
[Round "5"]
[White "Lisunenko, Julio Cesar Carvalh"]
[Black "Ramillo, Vitoria Matheus"]
[Result "0-1"]
[WhiteElo "1693"]
[BlackElo "1822"]
[PlyCount "74"]
[EventDate "2017.04.14"]
[EventType "swiss"]
[EventRounds "6"]
[EventCountry "BRA"]
[SourceTitle "EXT 2019"]
[Source "ChessBase"]
[SourceDate "2018.10.10"]
[SourceVersion "1"]
[SourceVersionDate "2018.10.10"]
[SourceQuality "1"]

1. d4 Nf6 2. c4 e6 3. Nc3 Bb4 4. Bg5 h6 5. Bxf6 Qxf6 6. Nf3 b6 7. e3 Bb7 8. Be2 0-0 9. 0-0 Bxc3 10. bxc3 d6 11. Nd2 c5 12. Bf3 Nc6 13. Ne4 Qe7 14. Qa4 Na5 15. Nd2 Bxf3 16. Nxf3 Rac8 17. Nd2 f5 18. f3 e5 19. d5 Qg5 20. Rfe1 Rc7 21. Nb3 Rb7 22. Rab1 Rfb8 23. Qb5 Qh4 24. e4 Nxb3 25. axb3 fxe4 26. Rxe4 Qg5 27. Rd1 Rf7 28. Kh1 Rd8 29. Qa4 Qh5 30. Rf1 Qg6 31. Qa1 Rdf8 32. Kg1 Rxf3 33. Rxf3 Rxf3 34. Re2 Rf4 35. h3 Qd3 36. Ra2 a5 37. Rf2 Qe3 0-1

[Event "BRA-ch U26 (Women)"]
[Site "Cuiaba"]
[Date "2016.11.03"]
[Round "1"]
[White "Matsunaga, Lange Cristina"]
[Black "Ramillo, Vitoria Matheus"]
[Result "0-1"]
[WhiteElo "1798"]
[BlackElo "1803"]
[PlyCount "90"]
[EventDate "2016.11.03"]
[EventType "swiss"]
[EventRounds "7"]
[EventCountry "BRA"]
[SourceTitle "CBM 175 Extra"]
[Source "ChessBase"]
[SourceDate "2016.12.12"]
[SourceVersion "1"]
[SourceVersionDate "2016.12.12"]
[SourceQuality "1"]

1. e4 e5 2. Nf3 Nc6 3. Bb5 a6 4. Bxc6 dxc6 5. h3 Bd6 6. a3 Qe7 7. d3 h6 8. Be3 f5 9. d4 exd4 10. Nxd4 fxe4 11. Qh5+ Qf7 12. Qxf7+ Kxf7 13. Nc3 Nf6 14. 0-0-0 Bd7 15. g4 Rae8 16. Nf5 Bxf5 17. gxf5 Re5 18. Bd4 Re7 19. Bxf6 Kxf6 20. Rhe1 Rhe8 21. b4 Kxf5 22. Ne2 a5 23. Ng3+ Bxg3 24. fxg3 axb4 25. axb4 g5 26. c4 e3 27. Rd4 Re4 28. Rd7 Rxc4+ 29. Kd1 Rxb4 30. Kc2 Re5 31. Kc3 Rbb5 32. g4+ Ke4 33. Rd4+ Kf3 34. Rb4 Rec5+ 35. Kb3 Rxb4+ 36. Kxb4 Rd5 37. Rf1+ Kg2 38. Rf6 Re5 39. Rxh6 e2 40. h4 e1Q+ 41. Kc4 Qc1+ 42. Kd4 Qe3+ 43. Kc4 Rc5+ 44. Kb4 Qc3+ 45. Ka4 Ra5# 0-1

[Event "Caioba Telecom op"]
[Site "Caioba"]
[Date "2016.08.28"]
[Round "5"]
[White "Cunha, Pedro Lisboa"]
[Black "Ramillo, Vitoria Matheus"]
[Result "0-1"]
[WhiteElo "1382"]
[BlackElo "1807"]
[PlyCount "88"]
[EventDate "2016.08.26"]
[EventType "swiss"]
[EventRounds "6"]
[EventCountry "BRA"]
[SourceTitle "CBM 174 Extra"]
[Source "ChessBase"]
[SourceDate "2016.10.10"]
[SourceVersion "1"]
[SourceVersionDate "2016.10.10"]
[SourceQuality "1"]

1. e4 e5 2. Nf3 Nc6 3. Bc4 Nf6 4. d3 Be7 5. 0-0 0-0 6. Nc3 d6 7. h3 Na5 8. b3 c6 9. d4 exd4 10. Qxd4 Nxc4 11. Qxc4 Be6 12. Qd3 Qa5 13. Bd2 Qh5 14. Ng5 Bc8 15. Qe2 Qxe2 16. Nxe2 h6 17. Nf3 Nxe4 18. Rfe1 Bf6 19. Rad1 Nxd2 20. Rxd2 d5 21. Nf4 Bc3 22. Rde2 Bxe1 23. Rxe1 Bd7 24. Nd3 Rfe8 25. Rc1 b6 26. c4 Bf5 27. Nb4 dxc4 28. bxc4 Be4 29. Nd2 c5 30. Na6 Rac8 31. Nxe4 Rxe4 32. Kf1 Rd8 33. f3 Red4 34. Rc2 Rd2 35. Rxd2 Rxd2 36. Nc7 Rxa2 37. Nb5 a5 38. Nd6 a4 39. Nc8 Rb2 40. Ne7+ Kf8 41. Nd5 a3 42. Nc3 Rc2 43. Nb1 a2 44. Na3 a1Q+ 0-1

[Event "Caioba Telecom op"]
[Site "Caioba"]
[Date "2016.08.27"]
[Round "4"]
[White "Ramillo, Vitoria Matheus"]
[Black "De Oliveira, Matheus Tavares"]
[Result "1/2-1/2"]
[WhiteElo "1807"]
[BlackElo "1561"]
[PlyCount "81"]
[EventDate "2016.08.26"]
[EventType "swiss"]
[EventRounds "6"]
[EventCountry "BRA"]
[SourceTitle "CBM 174 Extra"]
[Source "ChessBase"]
[SourceDate "2016.10.10"]
[SourceVersion "1"]
[SourceVersionDate "2016.10.10"]
[SourceQuality "1"]

1. e4 e5 2. Nf3 Nc6 3. d4 exd4 4. Bc4 Bc5 5. c3 Nf6 6. e5 d5 7. Bb5 Ne4 8. cxd4 Bb6 9. h3 Bd7 10. 0-0 Nxe5 11. Nxe5 Bxb5 12. Re1 Qf6 13. Nf3 0-0 14. a4 Bd7 15. a5 Bxh3 16. axb6 Qg6 17. Nh4 Qf6 18. Qf3 Qxh4 19. gxh3 axb6 20. Rxa8 Rxa8 21. Nc3 Ra1 22. Nxe4 dxe4 23. Qg4 Qxg4+ 24. hxg4 f6 25. Kg2 Kf7 26. Kg3 g5 27. Kg2 Ke6 28. Rxe4+ Kd5 29. Re1 c5 30. dxc5 bxc5 31. Bd2 Rxe1 32. Bxe1 b5 33. Bc3 Ke6 34. b4 cxb4 35. Bxb4 f5 36. Kg3 Kf6 37. Bc3+ Kg6 38. f4 fxg4 39. Kxg4 gxf4 40. Kxf4 Kh5 41. Kg3 1/2-1/2

[Event "BRA-ch Amateur U1800"]
[Site "Sao Paulo"]
[Date "2016.05.28"]
[Round "5"]
[White "Ramillo, Vitoria Matheus"]
[Black "De Freitas, Leandro Henrique"]
[Result "1-0"]
[WhiteElo "1798"]
[BlackElo "1654"]
[PlyCount "49"]
[EventDate "2016.05.26"]
[EventType "swiss"]
[EventRounds "7"]
[EventCountry "BRA"]
[SourceTitle "EXT 2019"]
[Source "ChessBase"]
[SourceDate "2018.10.10"]
[SourceVersion "1"]
[SourceVersionDate "2018.10.10"]
[SourceQuality "1"]

1. e4 c5 2. Nf3 e6 3. d4 cxd4 4. Nxd4 Nc6 5. Nc3 a6 6. g3 Qc7 7. Bg2 Nxd4 8. Qxd4 Nf6 9. e5 Bc5 10. Qf4 Nd5 11. Nxd5 exd5 12. 0-0 0-0 13. Bxd5 d6 14. exd6 Bxd6 15. Qa4 Bd7 16. Qb3 Bc6 17. Rd1 Rad8 18. Be3 Rd7 19. Rd3 b5 20. Rc3 Bc5 21. Rxc5 Rxd5 22. Rxd5 Qb7 23. Rad1 Bxd5 24. Rxd5 Qc6 25. Qd3 1-0